|
|
|
|
| LEADER |
00000nab a2200000 ar4500 |
| 001 |
vtls008836861 |
| 003 |
SK-MaSNL |
| 005 |
20260319071109.0 |
| 008 |
060727c20060721xo |||||||| 000 b|hun |
| 015 |
|
|
|a SNBRB2006/07
|2 snkbucl
|
| 038 |
|
|
|a SNKBUCL
|
| 040 |
|
|
|a DSZK
|b slo
|c DSZK
|e AACR2
|
| 041 |
0 |
|
|a hun
|
| 044 |
|
|
|a xo
|c SK
|
| 080 |
|
|
|a 78.071.2:784.66
|2 1997
|
| 080 |
|
|
|a 784.66
|2 1997
|
| 100 |
1 |
|
|a Vrabec, Mária,
|d 1970-
|4 ivr
|4 aut
|9 102331
|
| 245 |
1 |
0 |
|a A sorsunkat megírták valahol, de az utakat mi választjuk
|c Vrabec Mária, Zsédenyi Adrienn
|
| 300 |
|
|
|b Fotogr.
|
| 600 |
1 |
7 |
|a Zsédenyi, Adrienn
|2 snkbucl
|9 844225
|
| 655 |
|
7 |
|a rozhovory
|2 snkbucl
|9 31831
|
| 700 |
1 |
|
|a Zsédenyi, Adrienn
|4 ive
|4 aut
|9 844225
|
| 773 |
0 |
|
|t Vasárnap
|g Évf. 39, sz. 29 (2006), o. 21-23
|
| 852 |
|
|
|a SNK
|b KIS3GCP
|
| 852 |
|
|
|a DSZK
|b KIS3GCP
|
| 958 |
|
|
|a HU
|
| 999 |
|
|
|c 1737613
|d 1739543
|